Allgemeinwissen-Quiz #62 - Statistiken

Allgemein
  • Dieses Quiz wurde 61 mal gespielt
  • Das Durchschnittsergebnis liegt bei 12 aus 20
Antwortstatistiken
Frage Antwort % Korrekt
Wer wurde durch die Moderation von „Wetten, dass..?“ besonders bekannt? Thomas Gottschalk
98%
Wie heisst die Hauptstadt von Thüringen? Erfurt
93%
Welches Bild oder Symbol steht für Biogefährdung?
85%
Auf welchem dieser Bilder sehen wir das Staatswappen von Südafrika?
83%
Was passierte am 5. September 1972? Das Olympia-Attentat in München
83%
Welche Organisation reguliert einen Teil des Ölmarktes? OPEC
81%
In welchem EU-Mitgliedstaat war der öffentliche Schuldenstand relativ zur Wirtschaftskraft im Jahr 2023 am höchsten? Griechenland
65%
Was kann man mit einem "Kendama" machen? Tricks mit Kugel und Holzgriff
63%
Welchem Künstler gelang 1970 mit dem Lied "Your Song" der weltweite Durchbruch? Elton John
59%
Wer sang den Song "Hold Back the River"? James Bay
59%
In welchem Land liegt der Ossiacher See? Österreich
57%
Auf welchem Bild sehen wir die russische Eremitage?
56%
Welche Ordnungszahl besitzt Helium? 2
54%
Mit welchem Objekt wird im Film "Inception" teilweise getestet, ob man sich in einer Traumwelt befindet? Ein Kreisel
54%
Wer wählt den Deutschen Bundespräsidenten? Bundesversammlung
50%
Wie heisst die giftigste Schlange der Erde? Inlandtaipan
37%
Bei welchem Star-Wars-Charakter handelt es sich nicht um einen Kopfgeldjäger? Kh'ymm
33%
Im Buch "Frankenstein" – in der Nähe welcher Universität wird das Monster erschaffen? Universität Ingolstadt
28%
Für welches NFL-Team spielt Ladd McConkey im Jahr 2025? Los Angeles Chargers
22%
Wer bildet Naruto Uzumaki – neben Kakashi Hatake – ebenfalls aus? Jiraiya
19%
Keine übereinstimmenden Quizze gefunden
Verteilung der Resultate
Anzahl Personen mit jedem Resultat
Perzentil nach korrekt beantworteten Fragen
Ihre Resultats-Entwicklung
Sie haben dieses Quiz noch nicht gespielt